Šikanovanie na pracovisku

Právo na rovnaké zaobchádzanie v oblasti pracovnoprávnych vzťahov, uplatňovanie zásady rovnakého zaobchádzania. Priama a nepriama diskriminácia. Šikanovanie na pracovisku - šikanovanie týkajúce sa práce, šikanovanie osobné. Programy prevencie šikanovania.

Gespeichert in:
Bibliographische Detailangaben
1. Verfasser: Tomiová, Sandra
Format: Buchkapitel
Sprache:Slowakisch
Schlagworte:
Tags: Tag hinzufügen
Keine Tags, Fügen Sie das erste Tag hinzu!

MARC

LEADER 00000naa$a2200000$$$4500
001 0088645
005 20231120111654.0
041 0 |a slo 
044 |a SK 
245 1 0 |a Šikanovanie na pracovisku  |c Sandra Tomiová 
520 |a Právo na rovnaké zaobchádzanie v oblasti pracovnoprávnych vzťahov, uplatňovanie zásady rovnakého zaobchádzania. Priama a nepriama diskriminácia. Šikanovanie na pracovisku - šikanovanie týkajúce sa práce, šikanovanie osobné. Programy prevencie šikanovania. 
610 2 0 |a vzťahy pracovnoprávne 
610 2 0 |a zamestnanci 
610 2 0 |a zamestnávatelia 
610 2 0 |a mobbing 
100 1 |a Tomiová, Sandra